Les différentes espèces de chiens 1 - Statistiques

Statistiques générales
  • Ce quiz a été pris 75 fois
  • Le résultat moyen est 14 sur 20
Statistiques - réponses
Par images Réponse % Correct
Dalmatien
94%
Labrador
90%
Teckel
88%
Doberman
87%
Berger Allemand
86%
Cocker
86%
Saint Bernard
83%
Chihuahua
81%
Caniche
80%
Berger Australien
78%
Beagle
74%
Bouledogue
74%
Boxer
64%
Shiba Inu
62%
Fox Terrier
59%
Jack Russel
55%
Pitbull
55%
Chien Loup
35%
Colley
33%
Spitz
33%
Aucun quiz correspondant
Distribution des résultats
% des personnes avec chaque résultat
Percentile par nombre de réponses
Votre historique - résultats
Vous n’avez pas pris ce quiz